000 00436nam a22001577a 4500
003 OSt
005 20211112103153.0
008 211112b |||||||| |||| 00| 0 eng d
040 _cHAWASSA UNIVERSITY
050 _a637.12/VEL
_b3
082 _a637.12/VEL
_b3
100 _aVELITOK G. I.
_qVELITOK G. I.
_918062
245 _aPHYSIOLOGY OF MILK SECRETION IN MACHINE MILKING
260 _aNEW DELHI
_bAMERIND
_c1977
942 _2ddc
_cBOOKS
_n0
999 _c17896
_d17896